| 000 | 00917nam0a2200265 4500 | ||
|---|---|---|---|
| 001 | RU\NLR\BIBL_A\022435255 | ||
| 005 | 20250806205034.0 | ||
| 035 | _a(NLR Aleph) 022435255 | ||
| 090 |
_a73428 _c73428 |
||
| 100 | _a20250124d1942 m y0rusy50 ca | ||
| 101 | 0 | _akaz | |
| 102 | _aKZ | ||
| 105 | _ay z 000yy | ||
| 181 | 0 |
_ai _baxxe |
|
| 182 | 0 | _an | |
| 200 | 1 |
_aОтан соғысы күендерінде _fН. Скворцов, ҚК(б)П Орталық Комитетиниӊ секретарі |
|
| 203 |
_aТекст _bвизуальный _cнепосредственный |
||
| 210 |
_aАлматы _cҚазақбірікмембас _d1942 |
||
| 215 |
_a12,[1] c. _d12 |
||
| 541 | 1 |
_aВ дни Отечественной войны _zrus |
|
| 700 | 1 |
_aСкворцов _bН. _4070 |
|
| 942 | _cBOOK | ||
| 945 | _aРоссийская национальная библиотека | ||
| 980 | _aBV | ||